000
00309nam a22001457a 4500
008
221011b ||||| |||| 00| 0 eng d
020
_a
9780024321046
041
_a
eng
080
_a
34
082
_a
34
100
_a
32.1
101
_a
jur
245
_a
PHILOSOPHY OF SCIENCE
_c
ZUCKER A
942
_2
udc
_c
BK
999
_c
58468
_d
58468